| 000 | 01419nam a2200193Ia 4500 | ||
|---|---|---|---|
| 999 |
_c9767 _d9767 |
||
| 005 | 20231013114831.0 | ||
| 008 | 231013s9999 xx 000 0 und d | ||
| 020 | _a92-1-354055-8 | ||
| 040 |
_aUPAN _cBiblioteca San Vicente _eRCAA2 |
||
| 041 | _aspa | ||
| 082 |
_a341.481 _bC468d _c1994 |
||
| 110 |
_aCentro de Derechos Humanos _4aut. |
||
| 245 | 0 |
_aDerechos Humanos y prisión preventiva/ _cCentro de Derechos Humanos |
|
| 260 |
_aNueva York: _bUNICEF, _c1994 |
||
| 300 |
_a58 p.; _c28 cm. |
||
| 505 | _aI. No discriminación, II. Presunciòn de inocencia, III. Arresto, IV. Notificaciòn, V. Comparecencia ante una autoridad judicial u otra autoridad, VI. Alternativas a la reclusiòn, VII. Duraciòn de la prisiòn preventiva, VIII. Separaciòn de los detenidos segùn su condiciòn, IX. Acceso a un abogado defensor, X. Comunicaciones de los reclusos, XI. Investigaciòn de personas detenidas; torturas y malos tratos, XII. Condiciones físicas de la detenciòn, XIII. Utilizaciòn de medidas de disciplina y medios de coerciòn en la prisiòn preventiva, XIV. Condiciones intelectuales y religiosas de la detenciòn, XV. Vigilancia de los lugares de reclusiòn, XVI. Juicio imparcial, XVII. Examen judicial de la reclusiòn, XVIII. Detenciòn administrativa, XIX. Reglas especiales para menores, XX. Aplicaciòn, XXI. Clàusulas de salvaguardia | ||
| 650 |
_2LEMB _vManual _xDerechos humanos |
||
| 942 |
_cBK _2ddc |
||